| 000 | 00941nam a22003377a 4500 | ||
|---|---|---|---|
| 001 | BR8005328 | ||
| 003 | BR-BrBNA | ||
| 005 | 20230928090718.0 | ||
| 007 | ta | ||
| 008 | 230509b bl.||||| |||| 00| 0 por d | ||
| 040 |
_aBR-BrBNA _bpor _cBiblioteca Nacional de Agricultura |
||
| 041 | _a(Por) | ||
| 072 |
_aN10; H70; F00 _b9205 _b4440 _b4020 _b4076 _b/G514 |
||
| 090 | _ 9205 BR8005328 | ||
| 100 | 1 | _aBarros Neto, C.M. de | |
| 110 | 1 |
_aCompanhia Energetica de Sao Paulo, Sao Paulo (Brasil) _92428 |
|
| 245 | 1 | _aArmazenamento e conservacao de graos [Brasil] | |
| 260 | 3 |
_aSao Paulo, SP (Brasil): _c1980. |
|
| 300 | _a72 p. | ||
| 500 | _a25 ref.; 39 illus. | ||
| 650 | _aGRAO | ||
| 650 | _aARMAZENAMENTO DE ALIMENTO | ||
| 650 | _aPRESERVACAO DE ALIMENTO | ||
| 650 | _aSILO | ||
| 650 | _aINSETO | ||
| 650 | _aRATO | ||
| 650 | _aEXPURGO | ||
| 650 | _aCONTROLE QUIMICO | ||
| 909 |
_a202309 _bLucia _c55 _dLucia Elande |
||
| 942 | _cBK | ||
| 999 |
_c30166 _d30166 |
||